书目信息 |
| 题名: |
怀素自叙帖
|
|
| 作者: | 怀素 书 | |
| 分册: | ||
| 出版信息: | 北京 中国书店 2001.01 |
|
| 页数: | 1册 | |
| 开本: | 35cm | |
| 丛书名: | 晋唐名帖 | |
| 单 册: | ||
| 中图分类: | J292.24 | |
| 科图分类: | ||
| 主题词: | 草书--法帖--中国--唐代 , CT--S006400--草书 , CT--S019196--法帖 | |
| 电子资源: | ||
| ISBN: | 7-80663-019-8 | |
| 000 | 00835oam2 2200277 45 | |
| 001 | 012001037172 | |
| 005 | 20070928083735.80 | |
| 010 | @a7-80663-019-8@dCNY10.00 | |
| 100 | @a20010522d2001 em y0chiy0110 ea | |
| 101 | 0 | @achi |
| 102 | @aCN@b110000 | |
| 105 | @ay z 000yy | |
| 200 | 1 | @a怀素自叙帖@AHuai Su Zi Xu Tie@f[(唐)怀素书]@F[( Tang ) Huai Su Shu ] |
| 210 | @a北京@c中国书店@d2001.01 | |
| 215 | @a1册@d35cm | |
| 225 | 2 | @a晋唐名帖 |
| 330 | @a本帖书风恢宏,笔意纵横,给人一种浩茫、神秘、狂逸的艺术感受,是中国书法史上一件辉煌的艺术珍品。 | |
| 410 | 0 | @12001@a晋唐名帖 |
| 606 | 0 | @a草书@x法帖@y中国@z唐代 |
| 606 | 0 | @2CT@3S006400@a草书 |
| 606 | 0 | @2CT@3S019196@a法帖 |
| 690 | @aJ292.24@v4 | |
| 701 | 0 | @a怀素@AHuai Su@4书 |
| 801 | 0 | @aCN@bNLC@c20070928 |
| 905 | @aBZT@dJ292.24@e12 | |
| 906 | @dCNY10.00@n0@r1 | |
| 怀素自叙帖/[(唐)怀素书].-北京:中国书店,2001.01 |
| 1册;35cm.-(晋唐名帖) |
| ISBN 7-80663-019-8:CNY10.00 |
| 本帖书风恢宏,笔意纵横,给人一种浩茫、神秘、狂逸的艺术感受,是中国书法史上一件辉煌的艺术珍品。 |
| ● |
| 相关链接 |
|
|
|
正题名:怀素自叙帖
索取号:J292.24/12
 
预约/预借
| 序号 | 登录号 | 条形码 | 馆藏地/架位号 | 状态 | 备注 |
| 1 | 587460 | 230156767 | 中心书库中库/ 中库018架B面2列5层39/ [索取号:J292.24/12] | 在馆 | |
| 2 | 587461 | 230156766 | 中心书库中库/ 中库018架B面2列5层43/ [索取号:J292.24/12] | 在馆 | |
| 3 | 587462 | 230156765 | 中心书库中库/ 中库018架B面2列5层34/ [索取号:J292.24/12] | 在馆 | |
| 4 | 587463 | 230156764 | 中心书库中库/ 中库018架B面2列5层57/ [索取号:J292.24/12] | 在馆 | |
| 5 | 587464 | 230156763 | 中心书库中库/ 中库018架B面2列5层12/ [索取号:J292.24/12] | 在馆 |